TV Show Themes - Statistics

General Stats
  • This quiz has been taken 16 times
  • The average score is 5 of 14
Answer Stats
Hint Answer % Correct
Suicide is Painless M*A*S*H
64%
Woke Up This Morning The Sopranos
55%
I Know You Know Psych
45%
Meet the ___________ The Flintstones
45%
Do it Over Do Over
36%
Save Me Smallville
36%
Faith of the Heart Star Trek: Enterprise
36%
I Don't Want to Wait Dawson's Creek
27%
Opening Titles Sherlock
27%
Que Sera Sera (Whatever Will Be Will Be) The Doris Day Show
27%
Merry Go Round Broke Down The Looney Tunes Show
27%
The Beat Goes On The Sonny & Cher Comedy Hour
27%
Materia Primoris The X-Files
27%
The Joneses Your Friends & Neighbors
27%
No matching quizzes found
Score Distribution
Percent of People with Each Score
Percentile by Number Answered
Your Score History
You have not taken this quiz